MUCİZELER DÜKKANINA DÖNÜŞ (Record no. 979952)
[ view plain ]
| 000 -LEADER | |
|---|---|
| sabit uzunluktaki kontrol alanı | 00255nam a2200097Ia 4500 |
| 001 - KONTROL NUMARASI | |
| kontrol alanı | 979952 |
| 005 - EN SON İŞLEMİN TARİH VE ZAMANI | |
| kontrol alanı | 20251229153009.0 |
| 008 - SABİT-UZUNLUKTA VERİ ÖĞELERİ--GENEL BİLGİ | |
| sabit uzunluktaki kontrol alanı | 250824s9999 xx 000 0 und d |
| 245 #0 - ESER / YAZAR | |
| ESER ADI | MUCİZELER DÜKKANINA DÖNÜŞ |
| Yazar Adı | DEBBIE MACOMBER |
| 260 ## - YAYIN, DAĞITIM, VB. | |
| YAYIN EVİ | MARTI YAYINCILIK |
| Düşüm durumu | Kayıp durumu | Sınıflandırma Kaynağı veya raf şeması | Hasar Durumu | Ödünç verilmez | Ana kütüphane | Geçerli Kütüphane | Edinilen tarih | Toplam ödünç verme sayısı | Tam yer numarası | Barkod | Son görüntüleme tarihi | Fiyatın geçerli olmaya başladığı tarih | Koha materyal türü |
|---|---|---|---|---|---|---|---|---|---|---|---|---|---|
| Dewey Ondalık Sınıflama | SELÇUKLU BELEDİYESİ ORTAOKULU | SELÇUKLU BELEDİYESİ ORTAOKULU | 24.08.2025 | İ7 (DEBBIE MACOMBER) | 105810141 | 26.08.2025 | 26.08.2025 | Books |